00345nam a2200133 a 45000010010000000030011000100080041000210350026000620820017000881000020001052450018001252600042001436500026001850000-9191ELIB.Books110520 1956  a(ELIB.Books)0000-9343 a909.82 bHut aHutchison, E.H. aViolent Truce bLondon; John Calder Publishers c1956 aGeography and History